石川県の戦前市制・町制 - Statistics

General Stats
  • This quiz has been taken 111 times
  • The average score is 30 of 40
Answer Stats
施行日 施行内容 所属郡 回答 % Correct
1889.04.01 市制 (市) 金沢市
98%
1889.04.01 町制 石川郡 松任町
96%
1939.07.20 市制 (市) 七尾市
96%
1940.12.01 市制 (市) 小松市
96%
1889.04.01 町制 能美郡 小松町
94%
1889.04.01 町制 河北郡 津幡町
94%
1889.04.01 町制 鹿島郡 七尾町
94%
1889.04.01 町制 鳳至郡 輪島町
94%
1924.07.01 町制 石川郡 野々市町
94%
1903.08.22 町制 鳳至郡 穴水町
92%
1889.04.01 町制 羽咋郡 羽咋町
90%
1934.04.01 町制 能美郡 根上町
90%
1889.04.01 町制 江沼郡 大聖寺町
88%
1930.01.01 町制 鳳至郡 門前町
84%
1889.04.01 町制 石川郡 鶴来町
80%
1889.04.01 町制 石川郡 美川町
76%
1913.02.15 町制 江沼郡 山中町
76%
1889.04.01 町制 珠洲郡 飯田町
74%
1913.03.10 町制 江沼郡 山代町
74%
1922.08.01 町制 河北郡 高松町
74%
1919.09.01 町制 羽咋郡 富来町
72%
1940.02.11 町制 河北郡 七塚町
72%
1934.06.01 町制 鹿島郡 和倉町
70%
1940.12.20 町制 鳳至郡 町野町
68%
1942.11.03 町制 江沼郡 片山津町
68%
1941.11.03 町制 珠洲郡 正院町
66%
1926.06.01 町制 能美郡 寺井野町
64%
1889.04.01 町制 石川郡 上金石町
62%
1889.04.01 町制 石川郡 下金石町
62%
1889.04.01 町制 羽咋郡 高浜町
62%
1889.04.01 町制 鳳至郡 宇出津町
62%
1939.11.03 町制 鹿島郡 鳥屋町
62%
1889.04.01 町制 能美郡 安宅町
60%
1934.10.01 町制 鹿島郡 能登部町
60%
1936.02.01 町制 羽咋郡 志雄町
60%
1939.11.03 町制 鳳至郡 鵜川町
60%
1940.08.15 町制 珠洲郡 宝立町
60%
1921.01.01 町制 珠洲郡 小木町
58%
1942.01.01 町制 鹿島郡 越路町
54%
1940.02.11 町制 羽咋郡 邑知町
48%
No matching quizzes found
Score Distribution
Percent of People with Each Score
Percentile by Number Answered
Your Score History
You have not taken this quiz